On the political economy of urbanisation in Sub-Saharan Africa: the case of Nigeria (Record no. 62256)

000 -LEADER
fixed length control field 00447pab a2200157 454500
008 - FIXED-LENGTH DATA ELEMENTS--GENERAL INFORMATION
fixed length control field 180718b2003 xxu||||| |||| 00| 0 eng d
100 ## - MAIN ENTRY--PERSONAL NAME
Personal name Sijuwade, Philip O.
245 ## - TITLE STATEMENT
Title On the political economy of urbanisation in Sub-Saharan Africa: the case of Nigeria
260 ## - PUBLICATION, DISTRIBUTION, ETC.
Date of publication, distribution, etc. 2003
300 ## - PHYSICAL DESCRIPTION
Extent p.23-32.
362 ## - DATES OF PUBLICATION AND/OR SEQUENTIAL DESIGNATION
Dates of publication and/or sequential designation Oct
650 ## - SUBJECT ADDED ENTRY--TOPICAL TERM
Topical term or geographic name entry element Urbanization - Nigeria
650 ## - SUBJECT ADDED ENTRY--TOPICAL TERM
Topical term or geographic name entry element Urbanization
773 ## - HOST ITEM ENTRY
Main entry heading Guru Nanak Journal of Sociology
909 ## -
-- 62256
Holdings
Withdrawn status Lost status Damaged status Not for loan Permanent Location Current Location Date acquired Serial Enumeration / chronology Barcode Date last seen Price effective from Koha item type
        Indian Institute of Public Administration Indian Institute of Public Administration 2018-07-19 Volume no: 24, Issue no: 2 AR62706 2018-07-19 2018-07-19 Articles

Powered by Koha